| 000 | 00997nam a22003017a 4500 | ||
|---|---|---|---|
| 005 | 20220329141246.0 | ||
| 008 | 971010s1982 r 00010 d | ||
| 010 | _a65283 | ||
| 011 | _a66255 | ||
| 035 | _a74275 | ||
| 090 | _aTesis | ||
| 100 | 0 | 0 |
_aRomo González, José R. _999714 |
| 245 | _aMeteorología agrícola | ||
| 260 |
_aChapingo, Méx. : _bEl autor, _c1982 |
||
| 300 |
_a442 p. _b: ilus. |
||
| 500 | _a1992-205 | ||
| 502 | _aTesis (Ing. Agr. Esp. en Irrigación) -- UACH. Departamento de Irrigación | ||
| 590 |
_aALEPH _b10 _c20130110 _lUCH01 _h1355 |
||
| 590 |
_aBATCH-UPD _b10 _c20130110 _lUCH01 _h0110 |
||
| 590 |
_aBATCH-UPD _b10 _c20130110 _lUCH01 _h1732 |
||
| 590 |
_aBATCH-UPD _b10 _c20130409 _lUCH01 _h2101 |
||
| 590 |
_aBATCH-UPD _b10 _c20130410 _lUCH01 _h1113 |
||
| 590 |
_aBATCH-UPD _b10 _c20130914 _lUCH01 _h1815 |
||
| 590 |
_aCONVERSION _b10 _c20130109 _lUCH01 _h1336 |
||
| 650 | 1 | 4 |
_aMeteorología agrícola. _975217 |
| 901 | _aBK | ||
| 949 |
_bI _cTES _d-7138 _eTS1 _h523 _i74275 _si |
||
| 999 |
_c65283 _d65283 |
||